Vocabulaire russe - Corps humain - Statistiques

Statistiques générales
  • Ce quiz a été pris 23 fois
  • Le résultat moyen est 5 sur 16
Statistiques - réponses
Hint Réponse % Correct
Голова La tête
93%
рука La main
67%
cпина Le dos
60%
плечо L'épaule
47%
рука Le bras
40%
колено Le genou
33%
ягодицы Les fesses
33%
голень La jambe
27%
Шея Le cou
27%
локоть Le coude
27%
бедро La cuisse
20%
тазобедренный сустав La hanche
20%
стопа Le pied
20%
Живот Le ventre
13%
голеностопный La cheville
7%
Грудь Le torse
0%
Aucun quiz correspondant
Distribution des résultats
% des personnes avec chaque résultat
Percentile par nombre de réponses
Votre historique - résultats
Vous n’avez pas pris ce quiz